| 000 | 006840000a22002050004500 | ||
|---|---|---|---|
| 003 | LK-CoMWRAF | ||
| 005 | 20231106165335.0 | ||
| 008 | 230817t ||||| |||| 00| 0 eng d | ||
| 040 |
_aLK-CoMWRAF _dLK-CoMWRAF _eLK-CoMWRAF |
||
| 041 | _aeng | ||
| 082 |
_a720.956 _bHIL |
||
| 100 | _aHill, Derek | ||
| 245 |
_aIslamic Architecture and its Decoration: _bA.D. 800-1500 |
||
| 260 |
_aCicago: _bUniversity Chicago Press, _c1964 |
||
| 300 |
_a95 p. col. front., 387 plates (incl. 9 col.), map. 26 cm. _bBibliography and glossary included |
||
| 650 | _aISLAMIC ARCHITECTURE-History | ||
| 650 | _aDecoration and ornament, Architectural--History. | ||
| 700 | _a Grabar, Oleg | ||
| 942 | _cBK | ||
| 999 |
_c1724 _d1724 |
||